Základy ekonomie stručný průvodce a cvičebnice
Gespeichert in:
| 1. Verfasser: | |
|---|---|
| Weitere Verfasser: | |
| Format: | Buch |
| Sprache: | Tschechisch |
| Veröffentlicht: |
Praha
Ekopress, odborné nakladatelství
2004
|
| Schlagworte: | |
| Tags: |
Keine Tags, Fügen Sie das erste Tag hinzu!
|
MARC
| LEADER | 00000nam$a2200000$$$4500 | ||
|---|---|---|---|
| 001 | 0041418 | ||
| 005 | 20240226134403.6 | ||
| 020 | |a 80-86119-88-2 | ||
| 041 | 0 | |a cze | |
| 044 | |a CZ | ||
| 245 | 1 | 0 | |a Základy ekonomie |b stručný průvodce a cvičebnice |c Kamil Fuchs, Pavel Tuleja |
| 264 | 1 | |a Praha |b Ekopress, odborné nakladatelství |c 2004 | |
| 300 | |a 183 s. | ||
| 610 | 2 | 0 | |a ekonómia |
| 610 | 2 | 0 | |a myslenie ekonomické |
| 610 | 2 | 0 | |a koordinácia |
| 610 | 2 | 0 | |a trh |
| 610 | 2 | 0 | |a rovnováha |
| 610 | 2 | 0 | |a konkurencia |
| 610 | 2 | 0 | |a trh kapitálový |
| 610 | 2 | 0 | |a výkonnosť ekonomiky |
| 610 | 2 | 0 | |a rovnováha hospodárska |
| 610 | 2 | 0 | |a rast hospodársky |
| 610 | 2 | 0 | |a cykly hospodárske |
| 610 | 2 | 0 | |a peniaze |
| 610 | 2 | 0 | |a sústava banková |
| 610 | 2 | 0 | |a inflácia |
| 610 | 2 | 0 | |a makroekonomika |
| 610 | 2 | 0 | |a politika fiškálna |
| 610 | 2 | 0 | |a politika menová |
| 610 | 2 | 0 | |a politika dôchodková |
| 610 | 2 | 0 | |a politika hospodárska |
| 610 | 2 | 0 | |a trh peňažný medzinárodný |
| 610 | 2 | 0 | |a obchod medzinárodný |
| 610 | 2 | 0 | |a politika obchodná |
| 610 | 2 | 0 | |a teória očakávaní racionálnych |
| 100 | 1 | |a Fuchs, Kamil | |
| 700 | 1 | |a Tuleja, Pavel | |